Famous Crystal Palace Fans - Statistics

General Stats
  • This quiz has been taken 18 times
  • The average score is 3 of 7
Answer Stats
Name % Correct
Bassist of the The Rolling Stones from 1962 to 1993 Bill Wyman
56%
Actor best known for his role as Tony in "Men Behaving Badly" Neil Morrissey
56%
Lead presenter of "Good Morning Britain" since 2014 Susanna Reid
56%
Actor, "Love Actually" "Pirates of the Caribbean" "Underworld" Bill Nighy
44%
Comedian and presenter of "The Great British Bake Off: An Extra Slice" Jo Brand
44%
Comedian, actor and activist, "The Riches" "Ocean's Twelve" "Valkyrie" Eddie Izzard
31%
Actor who played the fifth incarnation of Doctor Who Peter Davison
25%
No matching quizzes found
Score Distribution
Percent of People with Each Score
Percentile by Number Answered
Your Score History
You have not taken this quiz